000 00587nam a2200229Ia 4500
003 OSt
005 20220928115118.0
006 a|||||r|||| 00| 0
007 ta
008 220927b |||||||| |||| 00| 0 eng d
024 _a49897
037 _cTextual
040 _aSDCL
_cSDCL
_beng
041 _2eng
_aeng
082 _aX724:(Z), L9
100 _aChandra Mahesh
245 0 _aAaye-Kar.
260 _aDelhi
_bFrank Brothers
_c1979
300 _ax,574p+Various Pagination
_ccm.
942 _hX724:(Z), L9
_cTEXL
_2CC
999 _c758245
_d758245